Սովետական Միության հերոս գեներալ-մայոր Անդրանիկ Ղազարյան / (Record no. 80630)
[ view plain ]
| 000 -LEADER | |
|---|---|
| fixed length control field | 01202nam a2200253 u 4500 |
| 003 - CONTROL NUMBER IDENTIFIER | |
| control field | AM-YeHGA |
| 005 - DATE AND TIME OF LATEST TRANSACTION | |
| control field | 20250618071546.0 |
| 008 - FIXED-LENGTH DATA ELEMENTS--GENERAL INFORMATION | |
| fixed length control field | 030527s1944 ai r 000 0 arm d |
| 040 ## - CATALOGING SOURCE | |
| Original cataloging agency | AM-YeHGA |
| 090 ## - LOCALLY ASSIGNED LC-TYPE CALL NUMBER (OCLC); LOCAL CALL NUMBER (RLIN) | |
| -- | 81898 |
| 100 1# - MAIN ENTRY--PERSONAL NAME | |
| Personal name | Թերզիբաշյան, Վահրամ Վահանի, |
| Dates associated with a name | 1899-1964 |
| 9 (RLIN) | 2563 |
| 245 10 - TITLE STATEMENT | |
| Title | Սովետական Միության հերոս գեներալ-մայոր Անդրանիկ Ղազարյան / |
| Statement of responsibility, etc. | Վ. Թերզիբաշյան; Պատ. խմբ.՝ Խ. Մոմջյան; Նկ.՝ Մ.Ն. Մոխ; ՀՍՍՌ ԳԱ, Պատմ. ին-տ. |
| 260 ## - PUBLICATION, DISTRIBUTION, ETC. | |
| Place of publication, distribution, etc. | Երևան : |
| Name of publisher, distributor, etc. | Ա. հ., |
| Date of publication, distribution, etc. | 1944. |
| 300 ## - PHYSICAL DESCRIPTION | |
| Extent | 49 էջ : |
| Other physical details | նկ. ; |
| Dimensions | 14 սմ. |
| 440 #0 - SERIES STATEMENT/ADDED ENTRY--TITLE | |
| Title | Հայաստանի զավակների մարտական սխրագործությունները |
| 600 14 - SUBJECT ADDED ENTRY--PERSONAL NAME | |
| Personal name | Ղազարյան, Անդրանիկ |
| 9 (RLIN) | 9389 |
| 650 14 - SUBJECT ADDED ENTRY--TOPICAL TERM | |
| Topical term or geographic name entry element | Սովետական Միության հերոսներ |
| 650 14 - SUBJECT ADDED ENTRY--TOPICAL TERM | |
| Topical term or geographic name entry element | Հայրենական Մեծ պատերազմ |
| 9 (RLIN) | 887 |
| 700 1# - ADDED ENTRY--PERSONAL NAME | |
| Personal name | Մոխ, Մ.Ն. |
| Relator term | նկ. |
| Relationship | art |
| 710 2# - ADDED ENTRY--CORPORATE NAME | |
| Corporate name or jurisdiction name as entry element | ՀՍՍՌ ԳԱ |
| 710 2# - ADDED ENTRY--CORPORATE NAME | |
| Corporate name or jurisdiction name as entry element | Պատմության ինստիտուտ |
| 9 (RLIN) | 8824 |
| 856 4# - ELECTRONIC LOCATION AND ACCESS | |
| Uniform Resource Identifier | <a href="https://arar.sci.am/dlibra/publication/345756/edition/318479/content">https://arar.sci.am/dlibra/publication/345756/edition/318479/content</a> |
| Link text | Կարդալ առցանց |
| 942 ## - ADDED ENTRY ELEMENTS (KOHA) | |
| Source of classification or shelving scheme | Universal Decimal Classification |
| Koha item type | Գրքեր / Books |
| Withdrawn status | Lost status | Damaged status | Not for loan | Collection | Home library | Current library | Date acquired | Total checkouts | Full call number | Barcode | Date last seen | Cost, replacement price | Price effective from | Koha item type | Public note |
|---|---|---|---|---|---|---|---|---|---|---|---|---|---|---|---|
| General | Fundamental Scientific Library | Fundamental Scientific Library | 22/12/2016 | AI/1823 | FL0035995 | 22/12/2016 | 30.00 | 22/12/2016 | Գրքեր / Books | 30 Days Loan | |||||
| General | Fundamental Scientific Library | Fundamental Scientific Library | 22/12/2016 | AI/8267 | FL0045246 | 22/12/2016 | 3.00 | 22/12/2016 | Գրքեր / Books | 30 Days Loan | |||||
| General | Fundamental Scientific Library | Fundamental Scientific Library | 22/12/2016 | AI/8268 | FL0045247 | 22/12/2016 | 3.00 | 22/12/2016 | Գրքեր / Books | 30 Days Loan |
ՀՀ Գիտությունների ազգային ակադեմիայի հիմնարար գիտական գրադարան = Fundamental Scientific Library of NAS RA
All site content, except where otherwise noted, is licensed under a